000 00350nam a2200133Ia 4500
008 150301s2009 xx 000 0 und d
082 _a610
_bH09F
100 _aFROHICH, EDWARD D.
245 _aHYPERTENSIVE DISEAS: CURRENT CHALLENGES NEW CONCEPT (MCNA)
260 _bSAUNDERS
_c2009
300 _a786
650 _aGENERAL MEDICINE
942 _2ddc
_cBK
999 _c6699
_d6699